Grand and glorious Asia : (Record no. 24296)

MARC details
000 -LEADER
fixed length control field 00891cam a2200265 a 4500
001 - CONTROL NUMBER
control field 925668
003 - CONTROL NUMBER IDENTIFIER
control field BDDh-ASL
005 - DATE AND TIME OF LATEST TRANSACTION
control field 20231015030340.0
008 - FIXED-LENGTH DATA ELEMENTS--GENERAL INFORMATION
fixed length control field 820814s1981 ja af 000 0 jpn
010 ## - LIBRARY OF CONGRESS CONTROL NUMBER
LC control number 82192645
040 ## - CATALOGING SOURCE
Original cataloging agency DLC
Transcribing agency DLC
Modifying agency DLC
-- BDDh-ASL
043 ## - GEOGRAPHIC AREA CODE
Geographic area code a------
050 00 - LIBRARY OF CONGRESS CALL NUMBER
Classification number DS11
Item number .G73 1981
082 00 - DEWEY DECIMAL CLASSIFICATION NUMBER
Classification number 950.1
Edition number 19
Item number GRA
245 00 - TITLE STATEMENT
Title Grand and glorious Asia :
Remainder of title ancient monuments of a rich cultural past = [Rakudo zanshō : yomigaere, Ajia no iseki] /
Statement of responsibility, etc. [edited by the Asian Cultural Centre for Unesco.
260 ## - PUBLICATION, DISTRIBUTION, ETC.
Place of publication, distribution, etc. Tokyo :
Name of publisher, distributor, etc. The Centre,
Date of publication, distribution, etc. 1981.
300 ## - PHYSICAL DESCRIPTION
Extent 83 p., [16] p. of plates :
Other physical details col. ill. ;
Dimensions 30 cm.
650 #0 - SUBJECT ADDED ENTRY--TOPICAL TERM
Topical term or geographic name entry element Monuments
Geographic subdivision Asia.
651 #0 - SUBJECT ADDED ENTRY--GEOGRAPHIC NAME
Geographic name Asia
General subdivision Antiquities.
651 #0 - SUBJECT ADDED ENTRY--GEOGRAPHIC NAME
Geographic name Asia
General subdivision Civilization.
710 2# - ADDED ENTRY--CORPORATE NAME
Corporate name or jurisdiction name as entry element Asian Cultural Centre for Unesco.
740 0# - ADDED ENTRY--UNCONTROLLED RELATED/ANALYTICAL TITLE
Uncontrolled related/analytical title Rakudo zanshō.
906 ## - LOCAL DATA ELEMENT F, LDF (RLIN)
a 7
b cbc
c orignew
d 4
e ncip
f 19
g y-gencatlg
942 ## - ADDED ENTRY ELEMENTS (KOHA)
Source of classification or shelving scheme Dewey Decimal Classification
Koha item type Books
Holdings
Withdrawn status Lost status Source of classification or shelving scheme Damaged status Not for loan Collection code Home library Current library Shelving location Date acquired Source of acquisition Total Checkouts Full call number Barcode Date last seen Copy number Price effective from Koha item type
    Dewey Decimal Classification     Non-fiction Asiatic Society Library Asiatic Society Library General Stacks 04/20/2021 ASB Library Collections   950.1 GRA 108906 04/20/2021 C-1 04/20/2021 Books

Powered by Koha